banner-ar

برديات مدن الياسمين / (Record no. 64698)

MARC details
000 -الفاتح
حقل البيانات ثابتة الطول 00992nam a22002537a 4500
005 - وقت وتاريخ اخر تعامل مع التسجيلة
رقم الضبط 20240530110745.0
008 - عناصر البيانات ثابتة الطول - معلومات عامة
حقل البيانات ثابتة الطول 181127s2018 ua ||||g |||| 00| f ara d
017 ## - رقم الايداع القانونى
رقم الايداع القانونى 2018/15470
المصدر ( الهيئة المختصة) مصر. دار الكتب
020 ## - الرقم الدولى المعيارى للكتب
الرقم الدولى المعيارى للكتاب 9789770718766
040 ## - مصدر الفهرسة
وكالة الفهرسة الأصلية EG-CaGPL
وكالة النسخ EG-CaGPL
082 07 - رقم تصنيف ديوى العشرى
رقم الطبعة 21
رقم التصنيف 813.081
رقم المادة أ خ
100 #0 - المدخل الرئيسى - إسم شخصى
الإسم الشخصى اميرة بهى الدين
245 10 - بيان العنوان
العنوان برديات مدن الياسمين /
بيان المسئوليه,etc اميرة بهى الدين
260 ## - PUBLICATION, DISTRIBUTION, ETC. (IMPRINT)
تاريخ النشر أو التوزيع 2018.
300 ## - الوصف المادى
التعداد 5 جزء ؛
أبعاد الوعاء 19 سم.
490 #0 - بيان السلسلة
عنوان السلسلة روايات الهلال.
500 ## - تبصرة عامة
تبصرة عامة 1، بردية الميلاد -- 2، بردية الوجود -- 3، بردية المقاومة -- 4، بردية التحدى -- 5، بردية الانصار.
650 07 - المدخل الاضافى بالموضوع-مصطلح موضوعى
مصدر الرأس أو المصطلح qrmak
مصطلح موضوعي الادب العربى
650 07 - المدخل الاضافى بالموضوع-مصطلح موضوعى
مصدر الرأس أو المصطلح qrmak
مصطلح موضوعي القصص العربية
650 07 - المدخل الاضافى بالموضوع-مصطلح موضوعى
مصدر الرأس أو المصطلح qrmak
مصطلح موضوعي القصص السياسية
651 ## - المدخل الاضافى بالموضوع - اسم جغرافى
مصدر الرأس أو المصطلح qrmak
942 ## - عناصر المدخل الإضافي( كوها)
مصدر التصنيف او مخطط الترفيف Dewey Decimal Classification
Koha [default] item type كتاب
260 ## - PUBLICATION, DISTRIBUTION, ETC. (IMPRINT)
-- القاهرة :
-- مؤسسة دار الهلال،
Holdings
حالة التراجع حالة الفقد حالة تلف ليس للاعارة المكان المؤقت الموقع الحالى موقع الترفيف تاريخ الاكتساب اجمالي اﻻعارات رقم الطلب الباركود تاريخ اخر مشاهدة تاريخ تفعيل السعر نوع وعاء كوها
        مكتبة القاهرة الكبرى مكتبة القاهرة الكبرى القاعة الرئيسية 11/27/2018   813.081 / أ خ 165155 11/27/2018 11/27/2018 كتاب
        مكتبة القاهرة الكبرى مكتبة القاهرة الكبرى القاعة الرئيسية 11/27/2018   813.081 / أ خ 165156 11/27/2018 11/27/2018 كتاب
        مكتبة القاهرة الكبرى مكتبة القاهرة الكبرى القاعة الرئيسية 11/27/2018   813.081 / أ خ 165157 11/27/2018 11/27/2018 كتاب
        مكتبة القاهرة الكبرى مكتبة القاهرة الكبرى القاعة الرئيسية 11/27/2018   813.081 / أ خ 165158 11/27/2018 11/27/2018 كتاب
        مكتبة القاهرة الكبرى مكتبة القاهرة الكبرى القاعة الرئيسية 11/27/2018   813.081 / أ خ 165159 11/27/2018 11/27/2018 كتاب

Powered By

EGPV